Library Logo

Pioneer International University Library Catalogue

Century 21 keyboarding, formatting, and document processing / (Record no. 2070)

MARC details
000 -LEADER
fixed length control field 00630cam a2200193 a 4500
005 - DATE AND TIME OF LATEST TRANSACTION
control field 20250901165322.0
008 - FIXED-LENGTH DATA ELEMENTS--GENERAL INFORMATION
fixed length control field 870310s1987 ohua 001 0 eng
010 ## - LIBRARY OF CONGRESS CONTROL NUMBER
LC control number 87120088
020 ## - INTERNATIONAL STANDARD BOOK NUMBER
International Standard Book Number 0538205601 (v. 1)
020 ## - INTERNATIONAL STANDARD BOOK NUMBER
International Standard Book Number 0538205709 (v. 2)
050 00 - LIBRARY OF CONGRESS CALL NUMBER
Classification number Z49
Item number .C43 1987b
082 00 - DEWEY DECIMAL CLASSIFICATION NUMBER
Classification number 652.3
Edition information 19
245 00 - TITLE STATEMENT
Title Century 21 keyboarding, formatting, and document processing /
Statement of responsibility, etc. T. James Crawford ... [et al.].
250 ## - EDITION STATEMENT
Edition statement 4th ed.
260 ## - PUBLICATION, DISTRIBUTION, ETC.
Place of publication, distribution, etc. Cincinnati :
Name of publisher, distributor, etc. South-Western Pub. Co.,
Date of publication, distribution, etc. c1987.
300 ## - PHYSICAL DESCRIPTION
Extent 2 v. :
Other physical details ill. (some col.) ;
Dimensions 23 x 30 cm.
500 ## - GENERAL NOTE
General note Includes indexes.
942 ## - ADDED ENTRY ELEMENTS (KOHA)
Source of classification or shelving scheme Library of Congress Classification
Classification part Z49 .C73 1987
Holdings
Withdrawn status Lost status Source of classification or shelving scheme Damaged status Not for loan Home library Current library Shelving location Date acquired Total checkouts Full call number Barcode Date last seen Price effective from Koha item type
    Library of Congress Classification     Main Library Main Library   03/10/2021   Z49 .C73 1987 PIU0005509 03/10/2021 03/10/2021 Books